|
|
|
|
| LEADER |
00000nab a2200000uu 4500 |
| 001 |
vtls011531504 |
| 003 |
SK-MaSNL |
| 005 |
20260304213817.0 |
| 008 |
221107|1916 xo |||||||||||||||||slo| |
| 015 |
|
|
|a SNBRB
|
| 035 |
|
|
|a (urnnbn)urn:nbn:sk:snk:ar-a0917l
|
| 035 |
|
|
|a (uuid)28b08e6f-f5d9-449a-85b8-b07ad07d98cc
|
| 035 |
|
|
|a urn:nbn:sk:snk-abehex
|
| 040 |
|
|
|a SNKBUCL
|b slo
|c SNKBUCL
|e AACR2
|
| 041 |
0 |
|
|a slo
|
| 044 |
|
|
|a xo
|c SK
|
| 100 |
1 |
|
|a Holuby, Jozef Ľudovít,
|d 1836-1923
|4 aut
|9 113983
|
| 245 |
1 |
0 |
|a Z dejín bývalej evanjelickej a. v. cirkve v Ilave
|c Jozef L. Holuby
|
| 610 |
2 |
7 |
|a Evanjelická cirkev a.v.
|2 SNKKA
|9 32425
|
| 650 |
0 |
7 |
|a cirkevné dejiny
|2 SNKPH
|9 3909
|
| 651 |
|
7 |
|a Ilava (Slovensko)
|2 SNKPH
|9 69590
|
| 773 |
0 |
|
|t Cirkevné listy : časopis venovaný záujmom cirkve evanjelickej a. v.
|g Roč. 30, č. 10-11 (1916), s. 271-276
|
| 958 |
|
|
|a ONDV
|
| 958 |
|
|
|a article21
|
| 999 |
|
|
|c 3137698
|d 3139628
|